<?xml version="1.0" encoding="UTF-8"?>
<marc:record xmlns:marc="http://www.loc.gov/MARC21/slim">
   <marc:leader>00000nam a2200000 a 4500</marc:leader>
   <marc:datafield ind1="1" ind2=" " tag="100">
      <marc:subfield code="a">Westerwelle, Stefan [Regie]</marc:subfield>
      <marc:subfield code="4">aut</marc:subfield>
      <marc:subfield code="e">Verfasser/-in</marc:subfield>
   </marc:datafield>
   <marc:datafield ind1="1" ind2=" " tag="100">
      <marc:subfield code="a">Holaschke, Nick</marc:subfield>
   </marc:datafield>
   <marc:datafield ind1="1" ind2=" " tag="100">
      <marc:subfield code="a">Rasch, Mikke</marc:subfield>
   </marc:datafield>
   <marc:datafield ind1=" " ind2=" " tag="653">
      <marc:subfield code="a">Finnland</marc:subfield>
   </marc:datafield>
   <marc:datafield ind1=" " ind2=" " tag="653">
      <marc:subfield code="a">Wunder</marc:subfield>
   </marc:datafield>
   <marc:datafield ind1=" " ind2=" " tag="653">
      <marc:subfield code="a">Familie</marc:subfield>
   </marc:datafield>
   <marc:datafield ind1=" " ind2=" " tag="653">
      <marc:subfield code="a">Lotto</marc:subfield>
   </marc:datafield>
   <marc:datafield ind1=" " ind2=" " tag="653">
      <marc:subfield code="a">Gewinn</marc:subfield>
   </marc:datafield>
   <marc:datafield ind1="0" ind2="0" tag="245">
      <marc:subfield code="a">Matti und Sami und die drei größten Fehler des Universums [Bildtonträger]</marc:subfield>
   </marc:datafield>
   <marc:datafield ind1="0" ind2="0" tag="245">
      <marc:subfield code="c">Regie: Stefan Westerwelle. Darsteller: Mikke Rasch, Nick Holaschke</marc:subfield>
   </marc:datafield>
   <marc:datafield ind1=" " ind2="1" tag="264">
      <marc:subfield code="a">München</marc:subfield>
      <marc:subfield code="b">Universum Film</marc:subfield>
      <marc:subfield code="c">2018</marc:subfield>
   </marc:datafield>
   <marc:datafield ind1="1" ind2=" " tag="520">
      <marc:subfield code="a">Das Universum muss jede Menge Fehler haben, findet der zehnjährige Matti (Mikke Emil Rasch). Sonst wären die Menschen doch viel glücklicher! Sein Vater Sulo wäre kein Busfahrer, sondern Computerspiel-Entwickler, so wie er es sich erträumt. Seine Mutter müsste sich nicht länger über ihren cholerischen Chef in der Arztpraxis ärgern. Und Matti selbst wäre schon längst einmal mit seiner Familie in Sulos Heimat Finnland im Urlaub gewesen. Also beschließt Matti, dem Glück ein wenig nachzuhelfen und erfindet einen Lotteriegewinn. Es gelingt ihm tatsächlich, Mama, Papa und seinen kleinen Bruder Sami (Nick Holaschke) nach Finnland zu locken. Doch weil faustdicke Lügen meistens unvorhergesehene Konsequenzen haben, steht die Familie mit Mama Annette (Sabine Timoteo) und Papa Sulo (Tommi Korpela) plötzlich ohne Geld, ohne Dach über dem Kopf und ohne Autoschlüssel da, mitten in der finnischen Pampa. Nun braucht Matti ganz dringend ein Wunder. Aber ob das Universum auch für so etwas zuständig ist?</marc:subfield>
   </marc:datafield>
   <marc:datafield ind1=" " ind2=" " tag="020">
      <marc:subfield code="a">? 14,30</marc:subfield>
      <marc:subfield code="9">? 14,30</marc:subfield>
   </marc:datafield>
   <marc:datafield ind1=" " ind2=" " tag="041">
      <marc:subfield code="a">ger</marc:subfield>
   </marc:datafield>
   <marc:datafield ind1="0" ind2=" " tag="490">
      <marc:subfield code="v">0</marc:subfield>
   </marc:datafield>
   <marc:datafield ind1=" " ind2=" " tag="300">
      <marc:subfield code="a">99' : 1 DVD</marc:subfield>
   </marc:datafield>
</marc:record>
